| 000 | 00508cam a2200145 4500500 | ||
|---|---|---|---|
| 005 | 20260329010439.0 | ||
| 041 | _afre | ||
| 042 | _adc | ||
| 100 | 1 | 0 |
_aLarguier, Gilbert _eauthor |
| 245 | 0 | 0 | _aJean-Paul Poisson, Essais de notariologie, Paris, Economica, 2002, 435 p. |
| 260 | _c2003. | ||
| 500 | _a53 | ||
| 786 | 0 | _nDix-septième siècle | 219 | 2 | 2003-06-01 | p. 357l-376l | 0012-4273 | |
| 856 | 4 | 1 | _uhttps://shs.cairn.info/revue-dix-septieme-siecle-2003-2-page-357l?lang=fr&redirect-ssocas=7080 |
| 999 |
_c1852642 _d1852642 |
||